000 00279nam a2200109 a 4500
005 20140414132119.0
008 090223s19uu xx 00 eng d
050 _aM 809.83
_bG76 1992
100 _aGrahame, Kenneth
245 _aThe wind in the willows treasury.
999 _c115014
_d115014